| 000 | 00440nam a2200133Ia 4500 | ||
|---|---|---|---|
| 008 | 220216s9999 xx 000 0 und d | ||
| 100 | _aSeneviratne Priyani | ||
| 245 | 0 | _aRubber seed production in Sri Lanka and its possible effects on the rubber planting material | |
| 260 |
_bBulletin of the Rubber Research Institute of Sri Lanka _c1997 |
||
| 300 | _a51-54 | ||
| 650 | _aRubber planting material | ||
| 650 | _aRubber seed | ||
| 942 | _cJS | ||
| 999 |
_c67996 _d67996 |
||